000 00769cam a22002771 4500
001 2179174
003 ARRUPE
005 20140207115731.0
008 710526s1968 enk b 000 0 eng
010 _a 68135351
015 _aB68-17239
020 _a0281022437
040 _aDLC
_cDLC
_dDLC
050 0 0 _aBV4012.2
_b.L44 1968
082 0 0 _a253.5
100 1 _aLee, Roy Stuart.
_98499
245 1 0 _aPrinciples of pastoral counselling
_c[by] R. S. Lee.
260 _aLondon,
_bS.P.C.K.,
_c1968.
300 _aviii, 135 p.
_c19 cm.
350 _a15/-
490 0 _aLibrary of pastoral care
504 _aBibliography: p. 131-132.
650 0 _aPastoral counseling.
_98500
906 _a7
_bcbc
_corignew
_du
_encip
_f19
_gy-gencatlg
942 _2lcc
_cMONOGRAPH
999 _c119997
_d119997